00993nam a22002897a 4500003000900000005001700009007000300026008003400029020001500063040003000078082002700108100003700135245007500172264004900247300004900296336002700345337003600372338003000408490003200438650004400470650002400514650003600538650002600574650003500600700003200635700003600667DO-SdBPM20260325135619.0ta161031b1996 xxu a 00| 0 spa d a0673758486 aDO-SdBPMbspacBPMSUerda04a813.54bA727u 19962221 aArmajo, Charlotteeautor 4aut. 10aUn baile en el desierto /cCharlotte Armajo ; ilustración Teri Sloat aEstados Unidos : bCelebration Press, c1996 a16 páginas : bilustración ; c18 cm.  atextobtxt2rdacontent asin meditación bn2rdamedia  avolumen bnc2rdacarrier 0 aPequeñitas celebraciones  7aCuentos estadounidenses infantiles x  7a Cuento de animales 7aLibros ilustrados para niños  7a Literatura infantil  7aLibros ilustrados para niños1 aSloat, Terieilustración 12aAlmada, Patriciaeadaptación